<?xml version="1.0" encoding="UTF-8"?>
<record
    xmlns:xsi="http://www.w3.org/2001/XMLSchema-instance"
    xsi:schemaLocation="http://www.loc.gov/MARC21/slim http://www.loc.gov/standards/marcxml/schema/MARC21slim.xsd"
    xmlns="http://www.loc.gov/MARC21/slim">

  <leader>01385nam a2200337 a 4500</leader>
  <controlfield tag="001">78796</controlfield>
  <controlfield tag="003">BD-RjUL</controlfield>
  <controlfield tag="005">20211209083156.0</controlfield>
  <controlfield tag="008">211115m18991919ir       b    000 0 ara d</controlfield>
  <datafield tag="035" ind1=" " ind2=" ">
    <subfield code="a">(CStRLIN)UWON02-B206</subfield>
  </datafield>
  <datafield tag="040" ind1=" " ind2=" ">
    <subfield code="a">NjP</subfield>
    <subfield code="c">NjP</subfield>
    <subfield code="d">CtY</subfield>
    <subfield code="d">UkOxU</subfield>
    <subfield code="b">eng</subfield>
  </datafield>
  <datafield tag="041" ind1="1" ind2=" ">
    <subfield code="a">ara</subfield>
    <subfield code="h">ara</subfield>
  </datafield>
  <datafield tag="066" ind1=" " ind2=" ">
    <subfield code="c">(3</subfield>
  </datafield>
  <datafield tag="082" ind1=" " ind2=" ">
    <subfield code="2">23</subfield>
    <subfield code="a">909.8</subfield>
    <subfield code="b">MAK 1899-1919</subfield>
  </datafield>
  <datafield tag="100" ind1="1" ind2=" ">
    <subfield code="a">&#x627;&#x644;&#x645;&#x642;&#x62F;&#x633;&#x64A; &#x60C; &#x645;&#x637;&#x647;&#x631; &#x628;&#x646; &#x637;&#x627;&#x647;&#x631; = Al-Maqdisi, Mutahhar bin Tahir</subfield>
    <subfield code="d">&#x60C; 000 - 355 </subfield>
    <subfield code="9">250049</subfield>
  </datafield>
  <datafield tag="245" ind1="1" ind2="0">
    <subfield code="a"> &#x643;&#x62A;&#x627;&#x628; &#x627;&#x644;&#x628;&#x62F;&#x621; &#x648;&#x627;&#x644;&#x62A;&#x623;&#x631;&#x64A;&#x62E; ;; Kit&#x101;b al-Bad&#x2BC; wa-al-ta&#x2BC;r&#x12B;kh /</subfield>
    <subfield code="c"> &#x645;&#x637;&#x647;&#x631; &#x628;&#x646; &#x637;&#x627;&#x647;&#x631; &#x627;&#x644;&#x645;&#x642;&#x62F;&#x633;&#x64A; ;; Mutahhar bin Tahir Al-Maqdisi,</subfield>
  </datafield>
  <datafield tag="246" ind1="1" ind2="5">
    <subfield code="a">Livre de la creation et de l'histoire</subfield>
  </datafield>
  <datafield tag="246" ind1="3" ind2=" ">
    <subfield code="a">Bad&#x2BC; al-khalq wa-al-ta&#x2BC;r&#x12B;kh</subfield>
  </datafield>
  <datafield tag="260" ind1=" " ind2=" ">
    <subfield code="a">Bagdad :</subfield>
    <subfield code="b">Mutahana library,</subfield>
    <subfield code="c">1899-1919.</subfield>
  </datafield>
  <datafield tag="300" ind1=" " ind2=" ">
    <subfield code="a">6 v. ;</subfield>
    <subfield code="c">23 cm.</subfield>
  </datafield>
  <datafield tag="500" ind1=" " ind2=" ">
    <subfield code="a">Volumes 3-6 correctly attributed to al-Mu&#x1E6D;ahhar ibn &#x1E6C;&#x101;hir al-Maqdis&#x12B;.</subfield>
  </datafield>
  <datafield tag="504" ind1=" " ind2=" ">
    <subfield code="a">Includes bibliographical references.</subfield>
  </datafield>
  <datafield tag="505" ind1=" " ind2=" ">
    <subfield code="a">Vol-.1.--v.-2.--v-.4.--v-5.--v-.6.</subfield>
  </datafield>
  <datafield tag="600" ind1=" " ind2=" ">
    <subfield code="a">Maqd&#x12B;s&#x12B;, Mu&#x1E6D;ahhar ibn T&#x101;hir, fl</subfield>
    <subfield code="d">. 966.</subfield>
    <subfield code="9">250050</subfield>
  </datafield>
  <datafield tag="650" ind1=" " ind2=" ">
    <subfield code="a">World history</subfield>
    <subfield code="y"> Early works to 1800</subfield>
    <subfield code="9">250051</subfield>
  </datafield>
  <datafield tag="700" ind1="1" ind2=" ">
    <subfield code="a">Huart, Cl&#xE9;ment,</subfield>
    <subfield code="d">1854-1926.</subfield>
    <subfield code="9">193240</subfield>
  </datafield>
  <datafield tag="700" ind1="1" ind2=" ">
    <subfield code="a">Maqdis&#x12B;, Mu&#x1E6D;ahhar ibn &#x1E6C;&#x101;hir,</subfield>
    <subfield code="d">active 10th century.</subfield>
    <subfield code="9">250052</subfield>
  </datafield>
  <datafield tag="942" ind1=" " ind2=" ">
    <subfield code="2">ddc</subfield>
    <subfield code="c">BK</subfield>
  </datafield>
  <datafield tag="999" ind1=" " ind2=" ">
    <subfield code="c">78796</subfield>
    <subfield code="d">78796</subfield>
  </datafield>
  <datafield tag="952" ind1=" " ind2=" ">
    <subfield code="0">0</subfield>
    <subfield code="1">0</subfield>
    <subfield code="2">ddc</subfield>
    <subfield code="4">0</subfield>
    <subfield code="7">1</subfield>
    <subfield code="8">NFIC</subfield>
    <subfield code="a">RUCL</subfield>
    <subfield code="b">RUCL</subfield>
    <subfield code="c">Reading</subfield>
    <subfield code="d">1968-09-17</subfield>
    <subfield code="e">Zeitlinger</subfield>
    <subfield code="g">233.00</subfield>
    <subfield code="l">0</subfield>
    <subfield code="o">909.8 MAK V-1 1899</subfield>
    <subfield code="r">2021-11-15 00:00:00</subfield>
    <subfield code="t">C-1</subfield>
    <subfield code="w">2021-12-09</subfield>
    <subfield code="y">BK</subfield>
  </datafield>
  <datafield tag="952" ind1=" " ind2=" ">
    <subfield code="0">0</subfield>
    <subfield code="1">0</subfield>
    <subfield code="2">ddc</subfield>
    <subfield code="4">0</subfield>
    <subfield code="7">1</subfield>
    <subfield code="8">NFIC</subfield>
    <subfield code="a">RUCL</subfield>
    <subfield code="b">RUCL</subfield>
    <subfield code="c">Reading</subfield>
    <subfield code="d">1968-09-17</subfield>
    <subfield code="e">Zeitlinger</subfield>
    <subfield code="g">233.00</subfield>
    <subfield code="l">0</subfield>
    <subfield code="o">909.8 MAK V-2 1900</subfield>
    <subfield code="r">2021-11-15 00:00:00</subfield>
    <subfield code="t">C-1</subfield>
    <subfield code="w">2021-12-09</subfield>
    <subfield code="y">BK</subfield>
  </datafield>
  <datafield tag="952" ind1=" " ind2=" ">
    <subfield code="0">0</subfield>
    <subfield code="1">0</subfield>
    <subfield code="2">ddc</subfield>
    <subfield code="4">0</subfield>
    <subfield code="7">1</subfield>
    <subfield code="8">NFIC</subfield>
    <subfield code="a">RUCL</subfield>
    <subfield code="b">RUCL</subfield>
    <subfield code="c">Reading</subfield>
    <subfield code="d">1968-09-17</subfield>
    <subfield code="e">Zeitlinger</subfield>
    <subfield code="g">233.00</subfield>
    <subfield code="l">0</subfield>
    <subfield code="o">A 909.8 MAK V-4 1907</subfield>
    <subfield code="r">2021-11-15 00:00:00</subfield>
    <subfield code="t">C-1</subfield>
    <subfield code="w">2021-12-09</subfield>
    <subfield code="y">BK</subfield>
  </datafield>
  <datafield tag="952" ind1=" " ind2=" ">
    <subfield code="0">0</subfield>
    <subfield code="1">0</subfield>
    <subfield code="2">ddc</subfield>
    <subfield code="4">0</subfield>
    <subfield code="7">1</subfield>
    <subfield code="8">NFIC</subfield>
    <subfield code="a">RUCL</subfield>
    <subfield code="b">RUCL</subfield>
    <subfield code="c">Reading</subfield>
    <subfield code="d">1968-09-17</subfield>
    <subfield code="e">Zeitlinger</subfield>
    <subfield code="g">233.00</subfield>
    <subfield code="l">0</subfield>
    <subfield code="o">909.8 MAK V-5 1916</subfield>
    <subfield code="r">2021-11-15 00:00:00</subfield>
    <subfield code="t">C-1</subfield>
    <subfield code="w">2021-12-09</subfield>
    <subfield code="y">BK</subfield>
  </datafield>
  <datafield tag="952" ind1=" " ind2=" ">
    <subfield code="0">0</subfield>
    <subfield code="1">0</subfield>
    <subfield code="2">ddc</subfield>
    <subfield code="4">0</subfield>
    <subfield code="7">1</subfield>
    <subfield code="8">NFIC</subfield>
    <subfield code="a">RUCL</subfield>
    <subfield code="b">RUCL</subfield>
    <subfield code="c">Reading</subfield>
    <subfield code="d">1968-09-17</subfield>
    <subfield code="e">Zeitlinger</subfield>
    <subfield code="g">233.00</subfield>
    <subfield code="l">0</subfield>
    <subfield code="o">A 909.8 MAK V-6 1919</subfield>
    <subfield code="r">2021-11-15 00:00:00</subfield>
    <subfield code="t">C-1</subfield>
    <subfield code="w">2021-12-09</subfield>
    <subfield code="y">BK</subfield>
  </datafield>
  <datafield tag="952" ind1=" " ind2=" ">
    <subfield code="0">0</subfield>
    <subfield code="1">0</subfield>
    <subfield code="2">ddc</subfield>
    <subfield code="4">0</subfield>
    <subfield code="7">0</subfield>
    <subfield code="8">NFIC</subfield>
    <subfield code="a">RUCL</subfield>
    <subfield code="b">RUCL</subfield>
    <subfield code="c">Reading</subfield>
    <subfield code="d">1968-09-17</subfield>
    <subfield code="e">Zeitlinger</subfield>
    <subfield code="g">233.00</subfield>
    <subfield code="l">0</subfield>
    <subfield code="o">A 909.8 MAK V-3 1903</subfield>
    <subfield code="r">2022-10-19 00:00:00</subfield>
    <subfield code="t">C-1</subfield>
    <subfield code="w">2022-10-19</subfield>
    <subfield code="y">BK</subfield>
  </datafield>
  <datafield tag="952" ind1=" " ind2=" ">
    <subfield code="0">0</subfield>
    <subfield code="1">0</subfield>
    <subfield code="2">ddc</subfield>
    <subfield code="4">0</subfield>
    <subfield code="7">1</subfield>
    <subfield code="8">NFIC</subfield>
    <subfield code="a">RUCL</subfield>
    <subfield code="b">RUCL</subfield>
    <subfield code="c">Reading</subfield>
    <subfield code="d">1968-09-17</subfield>
    <subfield code="e">Zeitlinger</subfield>
    <subfield code="o">U 909.8 MAK 1965&#x641;&#x647;&#x631;&#x633;  </subfield>
    <subfield code="r">2022-10-24 00:00:00</subfield>
    <subfield code="t">C-1</subfield>
    <subfield code="y">BK</subfield>
  </datafield>
</record>
